A Thematic Commentary On The Qur'an / (Record no. 12476)
[ view plain ]
| 000 -LEADER | |
|---|---|
| fixed length control field | 00724nam a2200253 a 4500 |
| 001 - CONTROL NUMBER | |
| JCCL Control Number | 12476 |
| 003 - CONTROL NUMBER IDENTIFIER | |
| JCCL marc code | BD-JhCC |
| 005 - DATE AND TIME OF LATEST TRANSACTION | |
| control field | 20221201134023.0 |
| 008 - FIXED-LENGTH DATA ELEMENTS--GENERAL INFORMATION | |
| fixed length control field | 220227b2000 enk |||| ||6| 001 0 eng d |
| 020 ## - INTERNATIONAL STANDARD BOOK NUMBER | |
| International Standard Book Number | 1565642619 |
| 035 ## - SYSTEM CONTROL NUMBER | |
| system control number | (BD-JhCC)12476 |
| 040 ## - CATALOGING SOURCE | |
| Original cataloging agency | BD-JhCC |
| Modifying agency | BD-JhCC |
| 041 ## - LANGUAGE CODE | |
| Language code of Book | English |
| 082 ## - DEWEY DECIMAL CLASSIFICATION NUMBER | |
| Classification number | 297.1227 |
| Author mark and Year | ALG 2000 |
| 100 ## - MAIN ENTRY--PERSONAL NAME | |
| Personal name | Al-Ghazali, Shaykh Muhammad |
| 245 ## - TITLE STATEMENT | |
| Title | A Thematic Commentary On The Qur'an / |
| Statement of responsibility, etc | Shaykh Muhammad Al-Ghazali.Tran: Ashur A. Shamis. |
| 260 ## - PUBLICATION, DISTRIBUTION, ETC. (IMPRINT) | |
| Place of publication, distribution, etc | London : |
| Name of publisher, distributor, etc | The International Institute Of Islamic Thought; |
| Date of publication, distribution, etc | 2000. |
| 300 ## - PHYSICAL DESCRIPTION | |
| Pagination | 804 p. : |
| Dimensions | 22 cm. |
| 650 ## - SUBJECT ADDED ENTRY--TOPICAL TERM | |
| Topical term or geographic name as entry element | Qur'an |
| 650 ## - SUBJECT ADDED ENTRY--TOPICAL TERM | |
| Topical term or geographic name as entry element | Hermeneutics |
| 700 ## - ADDED ENTRY--PERSONAL NAME | |
| Personal name | A. Shamis,Ashur |
| 942 ## - ADDED ENTRY ELEMENTS (KOHA) | |
| Source of classification or shelving scheme | Dewey Decimal Classification |
| Koha item type | Books |
| Koha issues (borrowed), all copies | 5 |
| Source of classification or shelving scheme | Damaged status | Not for loan | Home library | Current library | Shelving location | Date of accession | Cost, normal purchase price | Total Checkouts | Full call number | Barcode | Date last seen | Date checked out | Copy number | Koha item type |
|---|---|---|---|---|---|---|---|---|---|---|---|---|---|---|
| Dewey Decimal Classification | JCC Rouf Library | JCC Rouf Library | General Stacks | 06/10/2021 | 1500.00 | 7 | 297.1227 ALG 2000 | 16882 | 05/06/2024 | 04/29/2024 | C-1 | Books |